Law relating to iPads, tablets smartphones & smart devices / (Record no. 94848)

MARC details
000 -LEADER
fixed length control field 00963nam a22002777a 4500
005 - DATE AND TIME OF LATEST TRANSACTION
control field 20170208111830.0
010 ## - LCCN (DPL NO)
LC control number ENG-113444
020 ## - INTERNATIONAL STANDARD BOOK NUMBER
Terms of availability 375.00
International Standard Book Number 9789350353479
035 ## - SYSTEM CONTROL NUMBER
System control number EN-96976
037 ## - SOURCE OF ACQUISITION
Source of stock number/acquisition DBAD/PUB
082 ## - DEWEY DECIMAL CLASSIFICATION NUMBER
Classification number 343.5409944
100 ## - MAIN ENTRY--PERSONAL NAME
Personal name Duggal, Pavan
245 ## - TITLE STATEMENT
Title Law relating to iPads, tablets smartphones & smart devices /
Statement of responsibility, etc by Pavan Duggal
260 ## - PUBLICATION, DISTRIBUTION, ETC. (IMPRINT)
Place of publication, distribution, etc Delhi
Name of publisher, distributor, etc Universal Law Publishing
Date of publication, distribution, etc 2013
270 ## - ADDRESS
Address A-58, G.T. Karnal Road Industrial Area,
City Delhi
Postal code 110033
300 ## - PHYSICAL DESCRIPTION
Extent xi,243p.
Dimensions 25cm(Hb)
500 ## - GENERAL NOTE
General note Includes index
650 ## - SUBJECT ADDED ENTRY--TOPICAL TERM
Topical term or geographic name as entry element Computers
General subdivision Law and legislation
Geographic subdivision India.
650 ## - SUBJECT ADDED ENTRY--TOPICAL TERM
Topical term or geographic name as entry element Information technology
General subdivision Law and legislation
Geographic subdivision India.
650 ## - SUBJECT ADDED ENTRY--TOPICAL TERM
Topical term or geographic name as entry element Computer networks
General subdivision Law and legislation
Geographic subdivision India.
650 ## - SUBJECT ADDED ENTRY--TOPICAL TERM
Topical term or geographic name as entry element Mobile communication systems
General subdivision Security measures.
650 ## - SUBJECT ADDED ENTRY--TOPICAL TERM
Topical term or geographic name as entry element iPad (Computer)
650 ## - SUBJECT ADDED ENTRY--TOPICAL TERM
Topical term or geographic name as entry element Tablet computers.
650 ## - SUBJECT ADDED ENTRY--TOPICAL TERM
Topical term or geographic name as entry element Smartphones.
942 ## - ADDED ENTRY ELEMENTS (KOHA)
Source of classification or shelving scheme Dewey Decimal Classification
Item type English Books
Call number suffix DUG
Classification part 343.5409944
Holdings
Withdrawn status Lost status Not for loan Collection code Home library Current library Date acquired Source of acquisition Cost, normal purchase price Full call number Barcode Copy number Cost, replacement price Koha item type
      Non-fiction Central Library Central Library 13/07/2015 DBAD 375.00 343.5409944 DUG EN-96976 1 375.00 English Books

© Delhi Public Library
Hit Counter
free hit counter